<?xml version="1.0" encoding="UTF-8"?>
<collection xmlns="http://www.loc.gov/MARC21/slim">
 <record>
  <leader>00870nam a2200229 a 4500</leader>
  <controlfield tag="008">091027s2000    ii l          001 0 eng d</controlfield>
  <datafield tag="020" ind1=" " ind2=" ">
   <subfield code="a">8170126797</subfield>
  </datafield>
  <datafield tag="040" ind1=" " ind2=" ">
   <subfield code="a">MiU-L</subfield>
   <subfield code="c">MiU-L</subfield>
  </datafield>
  <datafield tag="082" ind1="0" ind2="0">
   <subfield code="a">346/.54/0436</subfield>
   <subfield code="2">21</subfield>
  </datafield>
  <datafield tag="100" ind1="1" ind2=" ">
   <subfield code="a">Sarathi, Vepa P.,</subfield>
   <subfield code="d">1916- </subfield>
  </datafield>
  <datafield tag="245" ind1="0" ind2="0">
   <subfield code="a">Law of transfer of property /</subfield>
   <subfield code="c">Vepa P. Sarathi</subfield>
  </datafield>
  <datafield tag="250" ind1=" " ind2=" ">
   <subfield code="a">4th ed.</subfield>
  </datafield>
  <datafield tag="260" ind1=" " ind2=" ">
   <subfield code="a">Lucknow :</subfield>
   <subfield code="b">Eastern Book Co.,</subfield>
   <subfield code="c">2000.</subfield>
  </datafield>
  <datafield tag="300" ind1=" " ind2=" ">
   <subfield code="a">xcvi, 384 p. ;</subfield>
   <subfield code="c">22 cm.</subfield>
  </datafield>
  <datafield tag="500" ind1=" " ind2=" ">
   <subfield code="a">&quot;Transfer of Property Act, 1882&quot;: p. il-xcvi. </subfield>
  </datafield>
  <datafield tag="504" ind1=" " ind2=" ">
   <subfield code="a">Includes index.</subfield>
  </datafield>
  <datafield tag="541" ind1="1" ind2=" ">
   <subfield code="e">00012533</subfield>
  </datafield>
  <datafield tag="650" ind1=" " ind2="0">
   <subfield code="a">Transfer (Law)</subfield>
   <subfield code="z">India</subfield>
  </datafield>
  <datafield tag="710" ind1="1" ind2="2">
   <subfield code="a">India.</subfield>
   <subfield code="t">Transfer of Property Act, 1882.</subfield>
   <subfield code="f">1990 </subfield>
  </datafield>
  <datafield tag="852" ind1="4" ind2=" ">
   <subfield code="a">Ayesha Abed Library</subfield>
   <subfield code="j">General shelf</subfield>
  </datafield>
  <datafield tag="999" ind1=" " ind2=" ">
   <subfield code="c">8317</subfield>
   <subfield code="d">8317</subfield>
  </datafield>
  <datafield tag="952" ind1=" " ind2=" ">
   <subfield code="0">0</subfield>
   <subfield code="1">0</subfield>
   <subfield code="2">ddc</subfield>
   <subfield code="4">0</subfield>
   <subfield code="6">346_540436000000000_SAR</subfield>
   <subfield code="7">0</subfield>
   <subfield code="9">9576</subfield>
   <subfield code="a">BRACUL</subfield>
   <subfield code="b">BRACUL</subfield>
   <subfield code="c">GEN</subfield>
   <subfield code="d">2010-04-29</subfield>
   <subfield code="g">180.00</subfield>
   <subfield code="l">11</subfield>
   <subfield code="m">83</subfield>
   <subfield code="o">346.540436 SAR</subfield>
   <subfield code="p">3010012533</subfield>
   <subfield code="r">2024-12-18</subfield>
   <subfield code="s">2024-11-25</subfield>
   <subfield code="t">1</subfield>
   <subfield code="w">2010-04-29</subfield>
   <subfield code="y">BK</subfield>
  </datafield>
 </record>
</collection>
